000 00753nam a2200229 i 4500
003 DO-SdBNP
005 20250401100203.0
007 ta
008 250401s2017 dr ao r 000 0 spa d
040 _aDO-SdBNP
_bspa
_cBNPHU
_erda
082 _axxxx
_bS623d
_222
245 0 0 _aSituación de los Derechos Humanos en la República Dominicana :
_binforme 2017. /
_credacción Pedro Cano
264 1 _aSanto Domingo :
_bCentro Bonó,
_c2017.
300 _a48 páginas
_bilustraciones, fotografías
_c25 cm.
336 _atexto
_btxt
_2rdacontent
337 _asin mediación
_bn
_2rdamedia
338 _avolumen
_bnc
_2rdacarrier
590 _aInventariado, 2025/ YL
700 1 _aCano, Pedro
_eredacción
_4red.
_955347
910 _aYLockward
942 _2ddc
_cLF2
999 _c58537
_d58537